Ecfrase de Santa Cecília (notice n° 1605049)

détails MARC
000 -LEADER
fixed length control field 01537cam a2200181 4500500
005 - DATE AND TIME OF LATEST TRANSACTION
control field 20251228094924.0
041 ## - LANGUAGE CODE
Language code of text/sound track or separate title fre
042 ## - AUTHENTICATION CODE
Authentication code dc
100 10 - MAIN ENTRY--PERSONAL NAME
Personal name Muhana, Adma
Relator term author
245 00 - TITLE STATEMENT
Title Ecfrase de Santa Cecília
260 ## - PUBLICATION, DISTRIBUTION, ETC.
Date of publication, distribution, etc. 2010.<br/>
500 ## - GENERAL NOTE
General note 13
520 ## - SUMMARY, ETC.
Summary, etc. Cet article est une tentative d’interprétation de la statue de sainte Cécile sculptée par Stefano Maderno entre 1599 et 1600. L’auteur montre comment la déposition de la statue dans un cercueil transparent au centre de la basilique en fait un substitut du corps mort et évoque sa cécité et, en conséquence, sa vocation de patronne de la musique.
520 ## - SUMMARY, ETC.
Summary, etc. This article suggests an interpretation of the statue of Saint Cecilia sculpted by Stefano Maderno between 1599 and 1600. The author shows that the statue, laid out in a transparent coffin at the centre of the church, becomes a substitute for the saint’s corpse. He also deals with Cecilia’s blindness and her resulting vocation as the patron saint of music.
520 ## - SUMMARY, ETC.
Summary, etc. Trata-se de uma tentativa de interpretação da estátua de Santa Cecília esculpida por Stefano Maderno entre 1599 e 1600. Demonstra-se como a deposição da estátua num esquife transparente no centro da Basílica, torna-a substituta do corpo morto e sugere sua caracterização como privada da visão e concomitantemente patrona da música.
786 0# - DATA SOURCE ENTRY
Note Sigila | 25 | 1 | 2010-03-01 | p. 141-149 | 1286-1715
856 41 - ELECTRONIC LOCATION AND ACCESS
Uniform Resource Identifier <a href="https://shs.cairn.info/revue-sigila-2010-1-page-141?lang=fr&redirect-ssocas=7080">https://shs.cairn.info/revue-sigila-2010-1-page-141?lang=fr&redirect-ssocas=7080</a>

Pas d'exemplaire disponible.

PLUDOC

PLUDOC est la plateforme unique et centralisée de gestion des bibliothèques physiques et numériques de Guinée administré par le CEDUST. Elle est la plus grande base de données de ressources documentaires pour les Étudiants, Enseignants chercheurs et Chercheurs de Guinée.

Adresse

627 919 101/664 919 101

25 boulevard du commerce
Kaloum, Conakry, Guinée

Réseaux sociaux

Powered by Netsen Group @ 2025